Резонансо-колебательный электропривод установки обессоливания нефти; Интеллектуальные энергосистемы; Т. 2

Dettagli Bibliografici
Parent link:Интеллектуальные энергосистемы: труды IV Международного молодёжного форума, 10-14 октября 2016 г., г. Томск/ Национальный исследовательский Томский политехнический университет (ТПУ), Энергетический институт (ЭНИН).— , 2016
Т. 2.— 2016.— [С. 121-124]
Autore principale: Фермебаев А. Р.
Ente Autore: Национальный исследовательский Томский политехнический университет (ТПУ) Энергетический институт (ЭНИН) Кафедра электропривода и электрооборудования (ЭПЭО)
Altri autori: Данекер В. А. Валерий Аркадьевич (научный руководитель)
Riassunto:Заглавие с титульного экрана
Lingua:russo
Pubblicazione: 2016
Serie:Электрический привод
Soggetti:
Accesso online:http://earchive.tpu.ru/handle/11683/36162
Natura: MixedMaterials Elettronico Capitolo di libro
KOHA link:https://koha.lib.tpu.ru/cgi-bin/koha/opac-detail.pl?biblionumber=621591

MARC

LEADER 00000naa2a2200000 4500
001 621591
005 20231101133153.0
035 |a (RuTPU)RU\TPU\conf\20207 
035 |a RU\TPU\conf\20202 
090 |a 621591 
100 |a 20170112d2016 k y0rusy50 ca 
101 0 |a rus 
102 |a RU 
105 |a y z 101zy 
135 |a drcn ---uucaa 
181 0 |a i  
182 0 |a b 
200 1 |a Резонансо-колебательный электропривод установки обессоливания нефти  |f А. Р. Фермебаев  |g науч. рук. В. А. Данекер 
203 |a Текст  |c электронный 
225 1 |a Электрический привод 
230 |a 1 компьютерный файл (pdf; 577 Kb) 
300 |a Заглавие с титульного экрана 
320 |a [Библиогр.: с. 124 (5 назв.)] 
461 1 |0 (RuTPU)RU\TPU\conf\20053  |t Интеллектуальные энергосистемы  |o труды IV Международного молодёжного форума, 10-14 октября 2016 г., г. Томск  |o в 3 т.  |f Национальный исследовательский Томский политехнический университет (ТПУ), Энергетический институт (ЭНИН)  |d 2016 
463 1 |0 (RuTPU)RU\TPU\conf\20055  |t Т. 2  |v [С. 121-124]  |d 2016 
610 1 |a труды учёных ТПУ 
610 1 |a электронный ресурс 
610 1 |a электроприводы 
610 1 |a обессоливание 
610 1 |a обессоливающие установки 
610 1 |a нефти 
610 1 |a виброобработка 
610 1 |a математическое моделирование 
610 1 |a обмоточные данные 
700 1 |a Фермебаев  |b А. Р. 
702 1 |a Данекер  |b В. А.  |c специалист в области дистанционного образования, специалист в области электротехники  |c заместитель директора института, доцент Томского политехнического университета, кандидат технических наук  |f 1954-  |g Валерий Аркадьевич  |2 stltpush  |4 727 
712 0 2 |a Национальный исследовательский Томский политехнический университет (ТПУ)  |b Энергетический институт (ЭНИН)  |b Кафедра электропривода и электрооборудования (ЭПЭО)  |h 178  |2 stltpush  |3 (RuTPU)RU\TPU\col\18674 
801 2 |a RU  |b 63413507  |c 20170124  |g RCR 
856 4 |u http://earchive.tpu.ru/handle/11683/36162 
942 |c BK